000 00625cam a2200217 4500
001 J63518
008 000000n2000 000 0 eng u
035 _a(Sirsi) u110637
041 _aeng
110 _aCluttons
_92064
245 4 _aThe London view : the Cluttons Central London residential property commentary. Autumn 2000
260 _bCluttons Daniel Smith
_c2000
300 _a1 pt. ; 30cm.
350 _a0
650 _aHOUSE PRICES
650 _aLONDON
650 _aRESIDENTIAL MARKET
650 _aRESIDENTIAL RENTS
690 _aPROPERTY-RESIDENTIAL PROPERTY-RESIDENTIAL PROPERTY MARKET
942 _n0
999 _c101116
_d101116